Walk like an Egyptian - Lyrics - Statistics

General Stats
  • This quiz has been taken 46 times
  • The average score is 134 of 215
Answer Stats
Answer % Correct
a
100%
egyptian
97%
Egyptian
97%
like
97%
all
93%
an
93%
the
93%
walk
93%
they
90%
do
83%
know
83%
you
83%
and
80%
dance
80%
on
80%
don't
73%
your
70%
paintings
67%
then
67%
down
63%
old
63%
in
60%
move
60%
they're
60%
bring
57%
domino
57%
got
57%
if
57%
more
57%
sand
57%
sing
57%
their
57%
cops
53%
falling
53%
of
53%
so
53%
donut
50%
kids
50%
shop
50%
too
50%
drop
47%
books
43%
drink
43%
quick
43%
say
43%
school
43%
band
40%
cigarette
40%
metal
40%
moves
40%
punk
40%
sick
40%
they've
40%
tombs
40%
walking
40%
when
40%
around
37%
by
37%
floor
37%
hookah
37%
Nile
37%
pipes
37%
snap
37%
spin
37%
take
37%
waitresses
37%
bet
33%
boys
33%
hanging
33%
it
33%
out
33%
with
33%
blond
30%
crocodiles
30%
cross
30%
line
30%
marketplace
30%
party
30%
trays
30%
Chinese
27%
Japanese
27%
Kremlin
27%
teeth
27%
yen
27%
bazaar
23%
call
23%
find
23%
men
23%
money
23%
up
23%
wanna
23%
back
20%
bend
20%
buzzer
20%
gold
20%
rings
20%
street
20%
arm
17%
block
17%
Cadillac
17%
feet
17%
cruise
13%
foreign
13%
pose
13%
pull
13%
shift
13%
slide
13%
strike
13%
types
13%
hard
10%
life's
10%
clubs
3%
No matching quizzes found
Score Distribution
Percent of People with Each Score
Percentile by Number Answered
Your Score History
You have not taken this quiz